000 00611nam a22002417a 4500
003 UA-OsUOA
001 124329
007 ta
008 20170809b un ||||| |||| 00| 0 ukr d
100 _aМусти А.
090 _a821.161.1
_bМ91
942 _cBK
040 _aUA-OsUOA
_brus
_cUA-OsUOA
_dUA-OsUOA
245 _aПоймав себя на слове
300 _a183 с.
955 _a3
041 _arus
080 _a821.161.1
020 _a966-7928-11-Х
260 _aОдесса
_c2009
650 7 _a82 Література. Літературознавство
_2UDC
999 _c411474
_d411474